000 00740nam a22002057a 4500
999 _c19066
_d19066
003 AR-CdUCM
008 190516b ||||| |||| 00| 0 spa d
040 _aMUNICIPALIDAD PROVINCIAL DEL CUSCO
_cBIBLIOTECA MUNICIPAL DEL CUSCO
082 _a985.632 /
_bOR71
100 _aOros Huayhua, Trifón
_940155
245 _aLa campaña de turpay :
_bTurpay-Grau 2008 /
260 _aGrau :
_bServicios graficos F&F,
_c2008.
300 _a141 paginas ;
_c21 cm.
505 _aContenido: Bases politicas, historicas y sociales -- Bases Fisicas -- Bases Biológicas -- Valores arqueologicos -- Semblanzas...
650 _aTurpay
_940156
650 _aHistoria
_9136
650 _aLiteratura
_983
942 _2ddc
_cLIBROS
945 _apjha
_d2019-05-16